00564nam a2200205uu 4500001000800000005001700008008004100025020001500066035001200081040001300093041000800106082000800114100004000122245002300162260005100185300001800236650003500254650002600289700004300315126395020260508071616.0111111s1990 fre  a2869304153 a1263950 ccomduadb afre 4a15010aNasio, Juan David,d1942-4auteaut10aL'enfant du miroir aMarsella (Francia) :bEditions Rivages,c1990. a164 páginas 7aPsicoanálisis infantil2lemb 7aPsicoanálisis2lemb10aDolto, Francoise,d1908-19884auteaut